| 000 | 00428nam a22001817a 4500 | ||
|---|---|---|---|
| 005 | 20230905191018.0 | ||
| 008 | 230720b |||||||| |||| 00| 0 eng d | ||
| 020 | _a9780642334152 | ||
| 082 |
_a757.099 _bGRA-F |
||
| 100 | _aGray,Anne | ||
| 245 |
_aFace _bAustralian portraits |
||
| 260 |
_aAustralia _bNGA _c2009 |
||
| 300 | _a160 | ||
| 500 | _ainclude index | ||
| 650 | _aArchitecture | ||
| 700 | _aAnne Gray | ||
| 999 |
_c33098 _d33098 |
||